The red army of China

Uloženo v:
Podrobná bibliografie
Hlavní autor: Edgar O'Ballance
Médium: Kniha
Jazyk:Undetermined
Vydáno: New York Frederick A. Praeger 1962
Témata:
Tagy: Přidat tag
Žádné tagy, Buďte první, kdo otaguje tento záznam!
Thư viện lưu trữ: Trung tâm Học liệu Trường Đại học Cần Thơ
LEADER 00492nam a2200193Ia 4500
001 CTU_92026
008 210402s9999 xx 000 0 und d
082 |a 358.12 
082 |b O.12 
100 |a Edgar O'Ballance 
245 4 |a The red army of China 
245 0 |c Edgar O'Ballance 
260 |a New York 
260 |b Frederick A. Praeger 
260 |c 1962 
650 |a china 
650 |x armed forces 
904 |i Tuyến 
980 |a Trung tâm Học liệu Trường Đại học Cần Thơ